| 000 | 00825nam a2200277 a 4500 | ||
|---|---|---|---|
| 008 | |||
| 020 | _a 9781526445872(Paperback) | ||
| 040 |
_aNUST _cNUST |
||
| 090 |
_aREF LB2840.2 _bHOL |
||
| 100 | 1 | _aHolmes, Elizabeth | |
| 245 | 1 | 0 |
_aA practical guide to teacher wellbeing / _cElizabeth Holmes |
| 250 | _aFirst Edition | ||
| 260 |
_aLondon : _bSage , _c2019 |
||
| 300 |
_aix, 107 pages ; _c23 cm |
||
| 336 |
_atext _btxt _2rdacontent |
||
| 337 |
_aunmediated _bn _2rdamedia |
||
| 338 |
_avolume _bnc _2rdacarrier |
||
| 500 | _aIncludes index | ||
| 504 | _aIncludes bibliographical references | ||
| 650 | 1 |
_ateacher _xmental health |
|
| 907 |
_a.b10403644 _b16-06-21 _c04-06-21 |
||
| 003 | |||
| 005 | 20230120204304.0 | ||
| 049 | _aMAIN | ||
| 942 |
_cBOOKS _kREF LB2840.2 _mHOL |
||
| 999 |
_c120520 _d120520 |
||